Statistics for Top 20 countries with most airports

Click here to take the quiz!

General Stats

  • This quiz has been taken 89 times
  • The average score is 17 of 20

Answer Stats

AirportsAnswer% Correct
1218Russia
99%
1467Canada
98%
464France
98%
4093Brazil
98%
539Germany
98%
507China
96%
1714Mexico
96%
460UK
96%
480Australia
96%
13513USA
95%
1138Argentina
93%
481Chile
87%
673Indonesia
86%
566South Africa
83%
836Colombia
81%
444Venezuela
75%
855Bolivia
70%
799Paraguay
57%
432Ecuador
52%
561Papua New Guinea
15%

Score Distribution

Percentile by Number Answered

Percent of People with Each Score

Your Score History

You have not taken this quiz